Movies Quiz

Random Movies or Director Quiz
Score 0/55 Timer 08:00
9 Plays Today
% Correct
Jack Nicholson
92.7%
Liam Neeson
92.1%
Kate Winslet
90%
Leonardo DiCaprio
89.3%
Hilary Swank
89.1%
Steven Spielberg
88.6%
Clint Eastwood
88.1%
James Cameron
86.1%
Charlton Heston
86%
Humphrey Bogart
85.9%
1997
84.6%
1975
84.2%
1993
83.8%
Ingrid Bergman
83.4%
1942
82.8%
Peter O'Toole
81.8%
Charlie Sheen
81.3%
2016
80.7%
2009
80.5%
Jack Dawson
79.6%
1986
79.2%
2004
77.9%
1959
77.8%
1969
77.8%
Dustin Hoffman
76.8%
1962
76.3%
Oliver Stone
75.2%
Jeremy Renner
74.2%
% Correct
Jon Voight
73.8%
Kathryn Bigelow
73.1%
Morgan Freeman
72.8%
Willem Dafoe
68.5%
Louise Fletcher
68.2%
Rick Blaine
66.7%
Ben Kingsley
66.2%
Randle McMurphy
65.4%
Janelle Monáe
63.2%
Alec Guinness
61.7%
Itzhak Stern
58.2%
Maggie Fitzgerald
53.7%
Miloš Forman
48.9%
David Lean
47.2%
Chiron
46.4%
Guy Pearce
45.2%
Messala
44%
Joe Buck
42%
General Allenby
41.4%
Barry Jenkins
38.6%
William Wyler
37.6%
Ashton Sanders
36.4%
John Schlesinger
33.8%
Haya Harareet
27.4%
Michael Curtiz
27.3%
Chris Taylor
25.1%
William James
15.9%
Remove Ads.
Support Sporcle.
Get the best of Sporcle when you Go Orange. This ad-free experience offers more features, more stats, and more fun while also helping to support Sporcle. Thank you for becoming a member.

You're not logged in!

Compare scores with friends on all Sporcle quizzes.
OR
Log In

Show Comments

Extras

Top Quizzes Today


Score Distribution

Your Account Isn't Verified!

In order to create a playlist on Sporcle, you need to verify the email address you used during registration. Go to your Sporcle Settings to finish the process.

Report this User

Report this user for behavior that violates our Community Guidelines.

Details: